00685nam a2200181 a 450000100100000000500170001000800410002704000250006808200150009310000330010824500740014126000850021530000350030050400290033504900090036495201130037399900170048600003005620200930060016.0110428s1983 dr ac 000 0 spa d aDO-SdBNPbspacBNPHU axxxbP438g1 aPérez Abreu, Aridio95676110aGuía técnica sobre el cultivo del maíz /cAridio Pérez Mario. aSantigo, República Dominicana :bSecretaría de Estado de Agricultura,c1983. a42 p. :bil ; retrs. ;c21 cm. aBibliografías p. 41-42 aBNPD 0010718PDaPDbPDcCTd2011-04-28iLF1l0oxxx P438gp30056-10r2020-06-25w2020-06-25yLFPDZNo se presta c29548d29548